| 000 | 01237nam2a22002411 4500 | ||
|---|---|---|---|
| 001 | RU\NLR\INFOCOMM4\1000543558 | ||
| 005 | 20250617053810.0 | ||
| 035 | _a(NLR Aleph) 002491533 | ||
| 090 |
_a2513725 _c2513725 |
||
| 100 | _a20040408d2001 |||y0rusy50 ca | ||
| 101 | 0 | _arus | |
| 102 | _aRU | ||
| 105 | _ay ||||||||| | ||
| 200 | 0 | _aВып.4 | |
| 210 |
_d2001 _aБ. м. |
||
| 461 | 0 |
_1001RU\NLR\INFOCOMM4\1000543554 _12001#$aВестник Красноярской государственной архитектурно-строительной академии$eСб. науч. тр.$fКраснояр. гос. архит.-строит. акад.$vВып.4 _92513708 _aКрасноярская государственная архитектурно-строительная академия _cКрасноярск _d1999- _fКраснояр. гос. архит.-строит. акад. _nКрасГАСА _oСб. науч. тр. _tВестник Красноярской государственной архитектурно-строительной академии _vВып.4 |
|
| 801 | 1 |
_aRU _bInfoComm _c20040408 |
|
| 801 | 0 |
_aRU _bNLR _gPSBO |
|
| 852 |
_aNLR _jП11/4435 |
||
| 942 | _cISSUE | ||
| 980 | _aNB | ||
| 980 | _aRUSPER | ||